[Event "POR-ch U10"]
[Site "Armacao de Pera"]
[Date "2001.04.07"]
[Round "1.2"]
[White "Pimenta, Francisco"]
[Black "Caseiro, Pedro"]
[Result "1-0"]
[WhiteElo "1193"]
[BlackElo "1360"]
[PlyCount "33"]
[EventDate "2001.04.07"]
[EventType "swiss"]
[EventRounds "7"]
[EventCountry "POR"]
[SourceTitle "EXT 2002"]
[Source "ChessBase"]
[SourceDate "2001.11.25"]
[SourceVersion "1"]
[SourceVersionDate "2001.11.25"]
[SourceQuality "1"]

1. e3 e5 2. Nc3 Nf6 3. Bd3 Bc5 4. Nf3 d6 5. 0-0 0-0 6. Nh4 Ng4 7. Nf3 Be6 8. Qe2 d5 9. e4 Bd4 10. Nd1 Nc6 11. c3 dxe4 12. Qxe4 Nf6 13. Qh4 e4 14. Bc2 exf3 15. gxf3 Qd6 16. f4 Ng4 17. Qxh7# 1-0